000 00638nam a2200253Ia 4500
003 OSt
005 20221007072105.0
006 a|||||r|||| 00| 0
007 ta
008 221006b |||||||| |||| 00| 0 eng d
024 _a43,114
037 _cTextual
040 _aFLL
_cFLL
_beng
041 _2eng
_aeng
082 _aZy7, Q1
100 _aFinch E.
_9690034
245 0 _aLegal skills
250 _a3rd
260 _aLondon
_bOxford University Press UK
_c2011
300 _a3,485p
_ccm.
700 _a Fafinski S.
_9690035
942 _hZy7, Q1
_cTEXL
_2CC
999 _c1145168
_d1145168